LEADER 00980nam1-2200325---450- 001 990008173840403321 005 20050928143032.0 035 $a000817384 035 $aFED01000817384 035 $a(Aleph)000817384FED01 035 $a000817384 100 $a20050729d2004----km-y0itay50------ba 101 0 $aita 102 $aIT 105 $ay----n--001yy 200 1 $a<>comunicazione di pubblica utilità$fa cura di Stefano Rolando 210 $aMilano$cFrancoAngeli$d©2004 215 $a2 v.$d23 cm 327 1 $a1. Identità, politica, istituzioni, pubblica amministrazione.- 517 p.$a2. Società, economia, cultura. - 437 p. 676 $a352.38$v21$zita 702 1$aRolando,$bStefano$f<1948- > 801 0$aIT$bUNINA$gRICA$2UNIMARC 901 $aBK 912 $a990008173840403321 952 $aVI B 926$bs.i.$fDDA 952 $aVI B 927$bs.i.$fDDA 959 $aDDA 959 $aBFS 996 $aComunicazione di pubblica utilità$9736084 997 $aUNINA LEADER 00882cam0-22003251i-450- 001 990006496640403321 005 20060925115025.0 035 $a000649664 035 $aFED01000649664 035 $a(Aleph)000649664FED01 035 $a000649664 100 $a20010426d1962----km-y0itay50------ba 101 0 $aeng 102 $aUS 105 $ay-------001yy 200 1 $a<>New Nigerian Elite$fHugh H. Smythe, Mabel M. Smythe 210 $aStandford$cStandford University Press$d1962. 215 $aX, 196 p.$d23 cm 676 $a305.5 700 1$aSmythe,$bHugh H.$0244666 702 1$aSmythe,$bMabel Murphy 801 0$aIT$bUNINA$gRICA$2UNIMARC 901 $aBK 912 $a990006496640403321 952 $aSE 10B.05.36-$fDECSE 952 $aXIV E 1420$b14540$fFSPBC 959 $aDECSE 959 $aFSPBC 996 $aNew Nigerian Elite$9654313 997 $aUNINA LEADER 00926nam0-22003251i-450- 001 990004151820403321 005 20120322122824.0 035 $a000415182 035 $aFED01000415182 035 $a(Aleph)000415182FED01 035 $a000415182 100 $a19990604d1971----km-y0itay50------ba 101 0 $aita$agrc 102 $aIT 105 $af-------001yy 200 1 $a<>Archivio di Kronion$fDaniele Foraboschi 210 $aMilano$cIstituto Ed.le Cisalpino$d1971 215 $aXXXIX, 152 p.$c8 tav.$d23 cm 225 1 $aTesti e documenti per lo studio dell'antichità$v36 610 0 $aKronion famiglia$aArchivio 676 $a880 676 $a929 702 1$aForaboschi,$bDaniele 801 0$aIT$bUNINA$gRICA$2UNIMARC 901 $aBK 912 $a990004151820403321 952 $aP2B-610-KRON.-200A-1971$bBIBL.50182$fFLFBC 959 $aFLFBC 996 $aArchivio di Kronion$9474963 997 $aUNINA